| 000 | 00754nam a2200265 i 4500 | ||
|---|---|---|---|
| 001 | 15647 | ||
| 003 | ES-MaACL | ||
| 005 | 20250830221253.0 | ||
| 007 | t| | ||
| 008 | 000417s1999 sp ||||1| spa d | ||
| 020 | _a84-397-0388-0 | ||
| 080 | _a821.133.1-94"19" | ||
| 080 | _a917 | ||
| 100 | 0 |
_aBeauvoir, Simone de, _d1908-1986 _926850 |
|
| 245 | 1 | 0 |
_aAmérica día a día / _cSimone de Beauvoir. |
| 250 | _a1ª ed. | ||
| 260 |
_aBarcelona : _bMondadori, _c1999. |
||
| 300 |
_a404 p. ; _c23 cm. |
||
| 490 | 1 | _aLas mil y una voces | |
| 651 | 4 |
_aEstados Unidos- _xDescripción _98538 |
|
| 651 | 4 |
_aEstados Unidos- _xUsos y costumbres. _9173836 |
|
| 830 | 1 |
_aLas mil y una voces _9179809 |
|
| 852 | 4 |
_aES-MaACL _jL-22762 |
|
| 999 |
_c15647 _d15647 |
||